000 00277nam a22001217a 4500
008 180215b xxu||||| |||| 00| 0 eng d
041 _aeng
080 _a316
100 _a50
101 _aSOC
245 _aTreating self-injury a practical guide
_cWalsh,B.W
942 _2udc
_cBK
999 _c42647
_d42647